LEADER 00857cam0-22003011i-450- 001 990005962410403321 005 19980601 035 $a000596241 035 $aFED01000596241 035 $a(Aleph)000596241FED01 035 $a000596241 100 $a19980601d1881----km-y0itay50------ba 101 1 $afre$cita 102 $aFR 105 $ay---n---001yy 200 1 $aCode de procedure pénale du royaume d'Italie$ftraduit, annoté, commenté par Henry Marcy 210 $aParis$cLibrairie A. Maresq Ainé$d1881 215 $a2 v.$d24 cm 676 $a345.009$v20$zita 702 1$aMarcy,$bHenry 710 01$aItalia$0423419 801 0$aIT$bUNINA$gRICA$2UNIMARC 901 $aBK 912 $a990005962410403321 952 $aXIII Z 44$b10628$fFGBC 959 $aFGBC 996 $aCode de procedure pénale du royaume d'Italie$9585304 997 $aUNINA LEADER 01225nam0 2200361 450 001 000018571 005 20060802115129.0 010 $a2-7186-0550-2 100 $a20051102d2000----km-y0itaa50------ba 101 0 $afre 102 $aFR 200 1 $aEspèces d'espaces$fGeorges Perec 200 1 $a1 $n0005760 210 $aParis$cGalilée$dc2000 215 $a182 p.$d23 cm 225 2 $a<> Espace Critique 410 1$12001$a<> Espace Critique 676 $a843.914$v(21. ed.)$9Narrativa francese. 1945-1999 700 1$aPerec,$bGeorges$0311182 801 0$aIT$bUniversità della Basilicata - B.I.A.$gRICA$2unimarc 912 $a000018571 996 $aEspèces d'espaces$91527344 997 $aUNIBAS BAS $aLETTERE CAT $aSTD041$b01$c20051102$lBAS01$h1108 CAT $aSTD041$b01$c20051104$lBAS01$h1126 CAT $aMDL$b30$c20051118$lBAS01$h1741 CAT $aMDL$b00$c20060802$lBAS01$h1151 CAT $aBATCH$b00$c20070503$lBAS01$h1735 CAT $aATR$b40$c20081009$lBAS01$h1024 CAT $aATR$b40$c20100316$lBAS01$h1429 FMT Z30 -1$lBAS01$LBAS01$mBOOK$1BASA1$APolo Storico-Umanistico$2DID$BDidattica$3FM/103567$6103567$5L103567$820051102$f04$FPrestabile Didattica